000 00282nam a2200109Ia 4500
008 200302s9999 xx 000 0 und d
100 _aPatricia Seligman
245 _aStep By Step Art School Oils
260 _bOctopus Publishing Ggroup Ltd, London
260 _c2002
300 _a156 P
999 _c4867
_d4867